000 00717nam a22002417a 4500
003 dpl
005 20180606133211.0
008 180606b xxu||||| |||| 00| 0 eng d
010 _aB-041057
020 _a8185086524
_c150.00
035 _aB-041057, B-062637, B-009333
037 _bCen Lib / Ret
040 _aDPL
_bEN
_c0
082 _a611
_bMIT
100 _aMitra, Samarendra
245 _aAnatomy :
_babdomen, thorax & inferior extremity /
_cby Samarendra Mitra
260 _aCalcutta
_bAcademic Publishers
_c1994
270 _aAcademic Publishers
_bCalcutta
300 _a(v 1. xii, various pages)
_c24cm(Hb)
650 _aAnatomy
650 _aThorax
942 _2ddc
_cEN
_h611
_mMIT
999 _c136761
_d136761